Al-Nizam al-talim : al-Talim : al-Huquq wa-I-wajibat / [Francesc Carbonell ... [et al.]] al-Talim :
ISBN:
84-7794-866-6
Descripción Física:
85 p. : il. col. ; 20 cm
Colección:
Kurràst malumat li-I-muhajirin al-ajànib ; 2
Otros Autores:
Carbonell, Francesc
MARC
| LEADER | 00000nam a2200000Ia 4500 | ||
|---|---|---|---|
| 001 | 15293 | ||
| 008 | 160829s9999 xx 000 0 cat d | ||
| 020 | |a 84-7794-866-6 | ||
| 080 | |a E-1-225 | ||
| 245 | |a Al-Nizam al-talim : |b al-Talim : |b al-Huquq wa-I-wajibat / [Francesc Carbonell ... [et al.]] | ||
| 260 | |a [Barcelona] : |b [Diputació de Barcelona, Àrea de Benestar Social], DL 2002 | ||
| 300 | |a 85 p. : |b il. col. ; |c 20 cm | ||
| 490 | |a Kurràst malumat li-I-muhajirin al-ajànib ; 2 | ||
| 590 | |a Trad. de: El Sistema educatiu : l'educació : drets i deures. | ||
| 590 | |a Títol de la col·lecció en català: Quaderns d'informació per als immigrants estrangers | ||
| 650 | |a Immigrants |x Educació |x Catalunya |9 26545 | ||
| 650 | |a Minories |x Educació |x Catalunya |9 26546 | ||
| 650 | 0 | |a Educació intercultural |x Catalunya |9 41487 | |
| 700 | |a Carbonell, Francesc |9 26548 | ||
| 710 | 1 | |a Barcelona (Catalunya : Província). |b Àrea de Benestar Social |9 52988 | |
| 901 | |a Arxiu | ||
| 942 | |n 1 | ||
| 952 | |0 0 |1 0 |4 0 |6 E1225 |7 1 |9 44054 |a Arxiu |b Arxiu |d 2016-12-01 |l 0 |o E-1-225 |p 15293 |r 2016-12-01 00:00:00 |w 2016-12-01 |y ARXIU | ||
| 999 | |c 46634 |d 46634 | ||